Ładuje się......

Paradise and other stories /

Opis bibliograficzny
1. autor: Khushwant Singh
Format: Printed Book
Język:English
Wydane: New Delhi: Penguin/ Viking, 2004.
LEADER 00574nam a2200145Ia 4500
008 121027s9999 xx 000 0 eng d
020 |a 670057789 
082 |b PAR 
100 |a Khushwant Singh 
245 |a Paradise and other stories / 
260 |a New Delhi:  |b Penguin/ Viking,  |c 2004. 
300 |a 239 p. 
505 |a 1. Paradise 2. Life's horoscope 3. Zora Singh 4. wanted: a son 5. The mulberry tree 
999 |c 55011  |d 55011 
952 |0 0  |1 0  |4 0  |6 IN_823_000000000000000_912K108_PAR  |7 0  |9 54989  |a UL  |b UL  |c ST1  |d 2012-10-27  |l 11  |m 2  |o IN823.912K108 PAR  |p 79105  |r 2018-08-29  |s 2018-07-30  |w 2012-10-27  |y BK